000 01878nam a22003737a 4500
003 dpl
005 20090202123529.0
007 DVD
008 050907s2005 cau105 g 00| 0 eng d
010 _aDVD-001608-1609
024 _aMGM 1045
_c599.00 for set of 2 DVD
035 _aDVD-001608-1609
040 _aDPL
_cDPL
092 _aDVD / MANW
245 _aThe Man With The Golden Gun /
_h[videorecording] DVD /
_cHarry Salizman and Albert R. Broccoli Presents
250 _aUltimate Edition
260 _bExcel Home Video
300 _a2 videodisc DVD; (126 min.);
_bsd., col. ;
_c4-3/4 in.
_fDVD
440 _aJames Bond Series
508 _aDirector of photography, Oliver Wood ; art directors, Shepherd Frankel, Don Macaulay ; editor, William Hoy ; music, Miri Ben-Ari, John Ottman ; costume designer, Jose Fernandez, Wendy Partridge ; production designer, Bill Boes ; visual effects supervisors
538 _aDolby digital 5.1, English Subtitles in English,Thai, Mandarin, Korean
538 _aAspect Ratio 1:85.1,Presentation Type: Wide Screen, Presentation Size: 16x9, Format: DVD 9 Dual Layer Single Sided Disc. Layer Transition may trigger a slight pause.
650 _aMotion Picture
700 _aSaltzman, Harry
700 _aBroccoli, Albert R.
700 _aMoorie, Roger
700 _aFleming's, Ian
700 _aEkland, Britt
700 _aBarry, John
942 _cCF
_2ddc
_hDVD
_mMANW
999 _c22851
_d22851